Daň z pridanej hodnoty v účtovníctve podnikateľov Slovenskej republiky diplomová práca

Guardado en:
Detalles Bibliográficos
Autor principal: Tomášková, Jana
Autor Corporativo: Fakulta hospodárskej informatiky EU. Katedra účtovníctva a audítorstva
Otros Autores: Baštincová, Anna
Formato: Libro
Lenguaje:eslovaco
Publicado: Bratislava 2012
Etiquetas: Agregar Etiqueta
Sin Etiquetas, Sea el primero en etiquetar este registro!

MARC

LEADER 00000nbm a2200000 4500
001 0154729
005 20161109102140.8
041 0 |a slo 
044 |a SK 
245 1 0 |a Daň z pridanej hodnoty v účtovníctve podnikateľov Slovenskej republiky  |b diplomová práca  |c Jana Tomášková ; školiteľ: Anna Baštincová 
264 1 |a Bratislava  |c 2012 
300 |a 72 s. 
100 1 |a Tomášková, Jana 
700 1 |a Baštincová, Anna 
710 2 |a Fakulta hospodárskej informatiky EU. Katedra účtovníctva a audítorstva